JR西日本最長片道きっぷ乗換駅 - Statistics

General Stats
  • This quiz has been taken 42 times
  • The average score is 29 of 40
Answer Stats
Answer % Correct
京都
93%
敦賀
89%
木津
89%
和歌山
89%
近江塩津
85%
草津
85%
天王寺
85%
京橋
85%
新大阪
85%
福知山
85%
姫路
85%
綾部
81%
山科
81%
柘植
81%
放出
81%
尼崎
81%
岡山
81%
福山
81%
東舞鶴
78%
久宝寺
78%
奈良
78%
高田
78%
広島
78%
西明石
74%
鳥取
63%
新見
63%
幡生
63%
鴫野
59%
津山
59%
塩町
59%
神戸
56%
東津山
56%
倉敷
56%
伯耆大山
56%
三原
56%
備中神代
52%
宇部
52%
海田市
48%
小野田
44%
居能
41%
No matching quizzes found
Score Distribution
Percent of People with Each Score
Percentile by Number Answered
Your Score History
You have not taken this quiz